000 01201nam0a2200301 4500
001 RU\NLR\ONL2\19592
005 20260607091346.0
035 _a(NLR Aleph) 009667177
090 _a13719650
_c13719650
100 _a20101218d1966 u||y0rusy50 ca
101 0 _aaze
102 _aAZ
105 _ay |||||||||
200 1 _aДостлу?ун ????
_eБ?j?к В?т?н м?hариб?синд? ССРИ халглары достлугунун ????
_fТеjjуб Гурбанов
210 _aБакы
_cАзэрнэшр
_d1966
215 _a43 с.
_d20
541 1 _6z01790
_aСила дружбы
_e[сила дружбы народов СССР в Великой Отечественной войне]
_zrus
606 0 _aВеликая Отечественная война
_z1941 - 1945
_2nlr-sh2
_2nlr-sh1
_3RU\NLR\auth\668893
686 1 _aТ3(2)722
700 1 _aГурбанов
_bТ. J.
_gТеjjуб Jарм?мм?д о?лу
_4070
790 1 _6z01541
_aКурбанов
_bТ. Я.
_gТеюб Ярмамед оглы
_4070
801 0 _aRU
_bNLR
_c20110127
_gPSBO
852 _aNLR
_bОНЛ
_jАзерб./2-13814
942 _cBOOK
980 _aONL_RF
980 _aNB